000 00647nam a22002057a 4500
003 OSt
005 20200601174553.0
008 180830b xxu||||| |||| 00| 0 ara d
040 _aLB-BrCRDP
082 _a422.4 K17m
100 _aمورتون أ. كابلان
245 _aالمعارضة والدولة في السلم والحرب
260 _aبيروت
_bدار الآفاق الجديدة
_c1970
300 _aص176
_cسم24
630 _aالمعارضة والدولة في السلم والحرب
630 _aالمعارضة
630 _aالسلم والحرب
700 _aتعريب سامي عادل
942 _2ddc
_cBK
999 _c19759
_d19759